[Event "Druzynowe Mistrzostwa Polski - II Liga S"]
[Site "Ustron/Slaski Zwiazek Szachowy"]
[Date "2008.09.08"]
[Round "3.29"]
[White "Kusmierz, Maciej"]
[Black "Czernicki, Bogdan"]
[Result "0-1"]
[WhiteElo "2147"]
[BlackElo "2032"]
[PlyCount "72"]
[EventDate "2008.??.??"]

1. d4 Nf6 2. c4 c5 3. d5 b5 4. cxb5 a6 5. bxa6 Bxa6 6. Nc3 g6 7. g3 d6 8. Bg2
Bg7 9. Nf3 O-O 10. O-O Nbd7 11. Re1 Qa5 12. h3 Rfb8 13. Qc2 Ne8 14. Bd2 Nc7 15.
Rab1 Ra7 16. a4 Rab7 17. h4 Qb6 18. h5 Qb3 19. Qe4 Ne5 20. Nxe5 Bxe5 21. f4 Bf6
22. hxg6 hxg6 23. f5 Rb4 24. Qf3 Qc2 25. Rbd1 Rxb2 26. Ne4 Bd4+ 27. Kh2 Kg7 28.
fxg6 Rh8+ 29. Bh3 f6 30. g4 Rb3 31. e3 Be5+ 32. Kg1 Bb7 33. g5 Bxd5 34. gxf6+
exf6 35. Bf5 Rb4 36. Bxb4 Qh2+ 0-1

[Event "Druzynowe Mistrzostwa Polski - II Liga S"]
[Site "Ustron/Slaski Zwiazek Szachowy"]
[Date "2008.09.08"]
[Round "3.30"]
[White "Pokojska, Daria"]
[Black "Maszota, Natalia"]
[Result "1/2-1/2"]
[WhiteElo "2150"]
[BlackElo "2077"]
[PlyCount "81"]
[EventDate "2008.??.??"]

1. c4 e5 2. Nc3 d6 3. g3 Nf6 4. Bg2 g6 5. d3 Bg7 6. e4 Nbd7 7. Nge2 Nc5 8. d4
exd4 9. Nxd4 O-O 10. O-O Re8 11. Bg5 h6 12. Bxf6 Bxf6 13. Qd2 Bg7 14. Rad1 Ne6
15. Nde2 Bd7 16. f4 Bc6 17. f5 Ng5 18. h4 Nh7 19. fxg6 fxg6 20. Nd4 Bd7 21. Nd5
Bg4 22. Rde1 Qd7 23. Nf4 Nf8 24. Nd5 Nh7 25. Nf4 g5 26. hxg5 Nxg5 27. Nf5 Bxf5
28. exf5 Rxe1 29. Qd5+ Nf7 30. Rxe1 c6 31. Qe6 Qxe6 32. fxe6 Ne5 33. b3 Bf6 34.
Rd1 Rd8 35. Kf2 Kf8 36. Bh3 Ke7 37. Nd3 Rf8 38. Nxe5 Bxe5+ 39. Kg2 Rg8 40. Rd3
Rg7 41. Bf5 1/2-1/2

[Event "Druzynowe Mistrzostwa Polski - II Liga S"]
[Site "Ustron/Slaski Zwiazek Szachowy"]
[Date "2008.09.08"]
[Round "3.31"]
[White "Warszawski, Bartosz"]
[Black "Wieclaw, Michal"]
[Result "1-0"]
[WhiteElo "2277"]
[BlackElo "2220"]
[PlyCount "121"]
[EventDate "2008.??.??"]

1. e4 e6 2. d4 d5 3. Nc3 Bb4 4. e5 c5 5. a3 Bxc3+ 6. bxc3 Qc7 7. Nf3 b6 8. Bb5+
Bd7 9. Bd3 Ne7 10. O-O c4 11. Be2 Ba4 12. Ne1 Nd7 13. Bg5 Nf8 14. g4 h6 15. Bh4
g5 16. Bg3 Nfg6 17. Ng2 O-O-O 18. f4 Rdg8 19. fxg5 hxg5 20. Rxf7 Be8 21. Rf6
Nf4 22. Nxf4 gxf4 23. Rxf4 Bg6 24. Bf3 Be4 25. Qe2 Ng6 26. Rf6 Bxf3 27. Qxf3
Nh4 28. Qe2 Qh7 29. Raf1 Nf5 30. gxf5 Rxg3+ 31. hxg3 Qh1+ 32. Kf2 Rh2+ 33. Ke1
Rxe2+ 34. Kxe2 Qh2+ 35. Kd1 Qxg3 36. fxe6 Qxc3 37. Rf8+ Kc7 38. R1f7+ Kc6 39.
Rf4 Qxa3 40. Rf3 Qa1+ 41. Ke2 Qc1 42. c3 Qc2+ 43. Kf1 Qc1+ 44. Kg2 Qd2+ 45. Rf2
Qg5+ 46. Kf3 Qh4 47. e7 Qxe7 48. Rf6+ Kb5 49. Kg4 Qg7+ 50. Kf5 Qh7+ 51. Kg5 Qh3
52. R2f3 Qg2+ 53. Kh6 a5 54. Rf2 Qh3+ 55. Kg7 Qxc3 56. e6 Qe3 57. Kf8 Kc6 58.
R2f3 Qe1 59. e7+ Kd7 60. Rf7 Qb4 61. Re3 1-0

[Event "Druzynowe Mistrzostwa Polski - II Liga S"]
[Site "Ustron/Slaski Zwiazek Szachowy"]
[Date "2008.09.08"]
[Round "3.32"]
[White "Kaczmarek, Piotr"]
[Black "Kaim, Piotr"]
[Result "0-1"]
[WhiteElo "1935"]
[BlackElo "2227"]
[PlyCount "108"]
[EventDate "2008.??.??"]

1. e4 c5 2. Nc3 Nc6 3. g3 e6 4. Bg2 Nf6 5. Nge2 d5 6. exd5 exd5 7. d4 cxd4 8.
Nxd4 Bg4 9. Qd2 Be7 10. O-O O-O 11. h3 Bh5 12. a3 Qd7 13. b3 Rad8 14. Bb2 Ne4
15. Qe3 Nxd4 16. Qxd4 Bf6 17. Qd3 Bg6 18. Bxe4 dxe4 19. Qxd7 Rxd7 20. Nd1 Rxd1
21. Raxd1 Bxb2 22. Rd7 Bxa3 23. Rxb7 a5 24. Ra1 Bb4 25. Rc7 Bd2 26. c4 e3 27.
fxe3 Bxe3+ 28. Kh2 Rd8 29. Rd1 Rb8 30. Rb7 Ra8 31. Re7 Bg5 32. Re5 Bf6 33. Rb5
h6 34. Rd2 Bc3 35. Re2 Bb4 36. Rd5 Rc8 37. h4 Bb1 38. Kh3 g6 39. Kh2 Bf5 40.
Re3 Be6 41. Rd1 Kg7 42. Rdd3 Bf5 43. Rd5 Be6 44. Rdd3 g5 45. hxg5 hxg5 46. Re5
Kg6 47. Kg2 Bc5 48. Rd2 Kf6 49. Re1 Rh8 50. Rf1+ Kg6 51. Ra1 Bh3+ 52. Kf3 Re8
53. Rd3 g4+ 54. Kf4 f5 0-1

[Event "Druzynowe Mistrzostwa Polski - II Liga S"]
[Site "Ustron/Slaski Zwiazek Szachowy"]
[Date "2008.09.08"]
[Round "3.33"]
[White "Chalupnik, Marcin"]
[Black "Bernat, Marcin"]
[Result "1/2-1/2"]
[WhiteElo "2244"]
[BlackElo "2200"]
[PlyCount "62"]
[EventDate "2008.??.??"]

1. e4 e6 2. d4 d5 3. Nc3 Bb4 4. e5 c5 5. a3 Bxc3+ 6. bxc3 Qa5 7. Bd2 Qa4 8. h4
b6 9. h5 Ba6 10. Nf3 Bxf1 11. Kxf1 h6 12. Rh4 c4 13. Rf4 Nc6 14. Nh4 Nge7 15.
Rc1 Qxa3 16. Qf3 Nd8 17. Rg4 Rg8 18. Qg3 Kf8 19. Ke2 Nf5 20. Nxf5 exf5 21. Rf4
Ne6 22. Rxf5 Rd8 23. Ra1 Qxa1 24. Qg6 Rd7 25. Qxe6 Qa4 26. Kd1 Rh8 27. Qg6 Kg8
28. Qg4 Qa1+ 29. Ke2 Qa4 30. Kd1 Qa1+ 31. Ke2 Qa4 1/2-1/2

[Event "Druzynowe Mistrzostwa Polski - II Liga S"]
[Site "Ustron/Slaski Zwiazek Szachowy"]
[Date "2008.09.08"]
[Round "3.34"]
[White "Szuminski, Marek"]
[Black "Rams, Michal"]
[Result "1/2-1/2"]
[WhiteElo "2062"]
[BlackElo "2244"]
[PlyCount "39"]
[EventDate "2008.??.??"]

1. d4 e6 2. c4 f5 3. g3 Nf6 4. Bg2 d5 5. Qc2 c6 6. Nf3 Bd6 7. Bf4 Bxf4 8. gxf4
O-O 9. Nbd2 Ne4 10. e3 Nd7 11. h4 Qe7 12. a3 a5 13. Ne5 Rf6 14. Ndf3 Nf8 15.
O-O-O Bd7 16. Rdg1 Be8 17. Ne1 Bh5 18. Bxe4 fxe4 19. Rg5 Rf5 20. f3 1/2-1/2

[Event "Druzynowe Mistrzostwa Polski - II Liga S"]
[Site "Ustron/Slaski Zwiazek Szachowy"]
[Date "2008.09.08"]
[Round "3.35"]
[White "Przybyla, Kamil"]
[Black "Piechota, Pawel"]
[Result "1-0"]
[WhiteElo "2134"]
[BlackElo "1965"]
[PlyCount "113"]
[EventDate "2008.??.??"]

1. e4 e6 2. d3 d5 3. Nd2 Nf6 4. Ngf3 b6 5. g3 Bb7 6. e5 Nfd7 7. Bg2 c5 8. O-O
Nc6 9. Re1 Qc7 10. Qe2 Be7 11. Nf1 h6 12. c3 Ba6 13. c4 d4 14. Bd2 Bb7 15. h4
g5 16. hxg5 hxg5 17. Nxg5 Bxg5 18. Bxg5 Ncxe5 19. f4 Nc6 20. Qg4 Ne7 21. Bh4
Rg8 22. Qh5 Bxg2 23. Rxe6 O-O-O 24. Rxe7 Qc6 25. Nd2 Bh3 26. Qf3 Qxf3 27. Nxf3
Bg4 28. Ng5 f6 29. Nf7 Rdf8 30. Nh6 Rg6 31. Nxg4 Rxg4 32. Rae1 Rfg8 33. Kf2
R4g7 34. Kf3 Ne5+ 35. fxe5 Rxe7 36. Bxf6 Rf8 37. Re4 Ree8 38. Kf4 Rf7 39. Kf5
Rh7 40. Rh4 Rb7 41. g4 b5 42. cxb5 Rxb5 43. Rh2 Kd7 44. g5 Kc6 45. g6 Kd5 46.
b3 a5 47. g7 a4 48. Rh8 Rbb8 49. e6 axb3 50. axb3 Rbc8 51. e7 Rg8 52. Kg6 Ke6
53. Rh1 Rb8 54. Re1+ Kd7 55. Kf7 Rge8 56. Re5 Kd6 57. Rg5 1-0

[Event "Druzynowe Mistrzostwa Polski - II Liga S"]
[Site "Ustron/Slaski Zwiazek Szachowy"]
[Date "2008.09.08"]
[Round "3.36"]
[White "Sikorska, Agata"]
[Black "Zajkowska, Olga"]
[Result "1-0"]
[WhiteElo "2108"]
[BlackElo "1887"]
[PlyCount "59"]
[EventDate "2008.??.??"]

1. e4 d6 2. d4 Nf6 3. Nc3 g6 4. f4 Bg7 5. Nf3 O-O 6. Bd3 Na6 7. e5 Nd7 8. h4 c5
9. e6 Nf6 10. exf7+ Rxf7 11. h5 gxh5 12. Rxh5 Bg4 13. Rh4 cxd4 14. Ne4 Bxf3 15.
Qxf3 Nc5 16. Ng5 Nxd3+ 17. Qxd3 e5 18. Nxf7 Kxf7 19. Qb3+ Kf8 20. fxe5 Qa5+ 21.
Kf1 Qa6+ 22. Kg1 dxe5 23. Bg5 h6 24. Bxf6 Bxf6 25. Rf1 Kg7 26. Rg4+ Bg5 27.
Qf7+ Kh8 28. Rxg5 hxg5 29. Qh5+ Kg8 30. Rf7 1-0

[Event "Druzynowe Mistrzostwa Polski - II Liga S"]
[Site "Ustron/Slaski Zwiazek Szachowy"]
[Date "2008.09.08"]
[Round "3.37"]
[White "Slabek, Grzegorz"]
[Black "Shkapenko, Pavel"]
[Result "0-1"]
[WhiteElo "2160"]
[BlackElo "2404"]
[PlyCount "104"]
[EventDate "2008.??.??"]

1. b4 e5 2. Bb2 d5 3. Bxe5 Nc6 4. Bb2 Nxb4 5. a3 Na6 6. e3 Nc5 7. Nc3 Nf6 8.
Nf3 Be7 9. Be2 O-O 10. Nd4 Nfe4 11. d3 Nxc3 12. Bxc3 Na4 13. Bd2 c5 14. c3 Bd7
15. Nf3 Bf6 16. Qc2 Rc8 17. O-O d4 18. exd4 cxd4 19. c4 Re8 20. Rfe1 Bc6 21.
Bf1 Qd7 22. Rxe8+ Rxe8 23. Re1 Rxe1 24. Nxe1 Nc3 25. Qc1 h6 26. Nc2 a5 27. Qe1
Ba4 28. Qc1 b6 29. Qb2 Qd6 30. Ne1 Nd1 31. Qc1 Be7 32. Nc2 Bxc2 33. Qxc2 Nc3
34. Bxc3 dxc3 35. Qxc3 Qxa3 36. Qxa3 Bxa3 37. Be2 Bb2 38. Bd1 Kf8 39. Kf1 Ke7
40. Ke2 Kd6 41. Kd2 Bd4 42. f3 Kc5 43. Bb3 f5 44. Bd1 f4 45. Ba4 Kb4 46. Bd1 a4
47. Kc2 a3 48. Kb1 Kc3 49. Ka2 Bc5 50. d4 Kxd4 51. Kb3 Ke3 52. g4 Kd2 0-1

[Event "Druzynowe Mistrzostwa Polski - II Liga S"]
[Site "Ustron/Slaski Zwiazek Szachowy"]
[Date "2008.09.08"]
[Round "3.38"]
[White "Kos, Pawel"]
[Black "Gbyl, Andrzej"]
[Result "0-1"]
[WhiteElo "2275"]
[BlackElo "2236"]
[PlyCount "66"]
[EventDate "2008.??.??"]

1. Nf3 d5 2. g3 c6 3. b3 Bg4 4. Bg2 Nd7 5. c4 e6 6. Bb2 Ngf6 7. O-O Be7 8. d3
O-O 9. Nbd2 b5 10. Nd4 Qb6 11. cxb5 cxb5 12. h3 Bh5 13. g4 Bg6 14. e4 Nc5 15.
Qe2 Rad8 16. Nf5 exf5 17. exf5 Rfe8 18. fxg6 hxg6 19. Bd4 Qb8 20. f4 Bd6 21.
Qf3 Ne6 22. Be3 d4 23. f5 gxf5 24. gxf5 dxe3 25. fxe6 Rxe6 26. Ne4 Be5 27. Rae1
Qb6 28. Kh1 Rxd3 29. Ng5 Re8 30. Qf5 Rd2 31. Nf3 Bg3 32. Nxd2 Bxe1 33. Ne4 Bh4
0-1

[Event "Druzynowe Mistrzostwa Polski - II Liga S"]
[Site "Ustron/Slaski Zwiazek Szachowy"]
[Date "2008.09.08"]
[Round "3.39"]
[White "Zaskalski, Arkadiusz"]
[Black "Barwinski, Dionizy"]
[Result "1-0"]
[WhiteElo "2217"]
[BlackElo "2183"]
[PlyCount "119"]
[EventDate "2008.??.??"]

1. Nf3 Nf6 2. c4 e6 3. g3 b6 4. Bg2 Bb7 5. O-O c5 6. Nc3 Be7 7. Re1 O-O 8. e4
d6 9. d4 cxd4 10. Nxd4 a6 11. e5 dxe5 12. Bxb7 exd4 13. Bxa8 dxc3 14. Qxd8 Rxd8
15. bxc3 Nbd7 16. Bf3 a5 17. Be3 Rc8 18. Be2 Ne4 19. Rac1 Kf8 20. Red1 Ke8 21.
f3 Nd6 22. c5 bxc5 23. Rb1 c4 24. Bf4 e5 25. Be3 f6 26. Rd5 a4 27. Bd1 Ra8 28.
Bc2 g6 29. Rb4 a3 30. Ba4 Kd8 31. g4 Kc7 32. Rd1 Ra5 33. Bxd7 Kxd7 34. Rxc4 Ra6
35. Rb4 Rc6 36. c4 Ke6 37. c5 Nc8 38. Rb3 f5 39. Rxa3 e4 40. fxe4 fxe4 41. Ra4
Bxc5 42. Rxe4+ Kf6 43. Bxc5 Rxc5 44. a4 Kg5 45. Red4 Nb6 46. Rb1 Rc6 47. a5 Nc8
48. Rb5+ Kh4 49. g5+ Kh5 50. Rd7 Nd6 51. Rxh7+ Kg4 52. Rb6 Rc1+ 53. Kf2 Ne4+
54. Ke3 Nxg5 55. Rb4+ Kf5 56. Rb5+ Kf6 57. Rhb7 Ra1 58. R7b6+ Ne6 59. a6 g5 60.
Rc6 1-0

[Event "Druzynowe Mistrzostwa Polski - II Liga S"]
[Site "Ustron/Slaski Zwiazek Szachowy"]
[Date "2008.09.08"]
[Round "3.40"]
[White "Kalinowski, Roman"]
[Black "Szromba, Krzysztof"]
[Result "0-1"]
[WhiteElo "2225"]
[BlackElo "2186"]
[PlyCount "144"]
[EventDate "2008.??.??"]

1. d4 f5 2. Nf3 Nf6 3. Bf4 e6 4. h3 b6 5. e3 Bb7 6. Be2 Be7 7. c4 O-O 8. Nc3
Ne4 9. Qc2 Bb4 10. O-O Bxc3 11. bxc3 d6 12. Ne1 Nd7 13. f3 Nef6 14. Bg5 h6 15.
Bxf6 Qxf6 16. Nd3 e5 17. Nf2 Qg5 18. Qc1 Rf6 19. e4 f4 20. Nd3 Rg6 21. Rf2 Nf6
22. Kf1 Re8 23. d5 a5 24. Ke1 Ba6 25. Nb2 Qg3 26. Qc2 Nd7 27. Bf1 Rf6 28. Rd1
Rff8 29. Rdd2 Rb8 30. Kd1 Qg6 31. Be2 Rfc8 32. Ke1 Nc5 33. Na4 Qe8 34. Nxc5
bxc5 35. Bd3 Rb6 36. Kf1 Rcb8 37. Kg1 g5 38. Kh2 Kf7 39. Qd1 Ke7 40. Qe2 Qa4
41. Qf1 Qa3 42. g3 Qxc3 43. h4 Rb2 44. Rxb2 Rxb2 45. Rxb2 Qxb2+ 46. Qe2 Qxe2+
47. Bxe2 fxg3+ 48. Kxg3 Kf6 49. Kg4 gxh4 50. Kxh4 Kg6 51. Bd3 Bc8 52. Bc2 Ba6
53. Bd3 Bb7 54. Bc2 c6 55. dxc6 Bxc6 56. Bd1 Bd7 57. Bc2 Be6 58. Bd3 Bf7 59. f4
exf4 60. e5+ Kg7 61. exd6 Be6 62. Be4 Bd7 63. Kh5 Kf6 64. Kxh6 Ke5 65. Bd5 Kxd6
66. Kg5 Ke5 67. Bf3 Bf5 68. Be2 Bh3 69. Kh4 Bg2 70. Kg4 Ke4 71. Bd1 Ke3 72. Ba4
Bf1 0-1

[Event "Druzynowe Mistrzostwa Polski - II Liga S"]
[Site "Ustron/Slaski Zwiazek Szachowy"]
[Date "2008.09.08"]
[Round "3.43"]
[White "Moskwinski, Tadeusz"]
[Black "Bulski, Krzysztof"]
[Result "0-1"]
[WhiteElo "2161"]
[BlackElo "2388"]
[PlyCount "122"]
[EventDate "2008.??.??"]

1. e4 c5 2. Nf3 d6 3. d4 cxd4 4. Nxd4 Nf6 5. Nc3 a6 6. f3 e5 7. Nb3 Be7 8. Be3
Be6 9. Qd2 O-O 10. O-O-O Nbd7 11. g4 b5 12. g5 b4 13. Ne2 Ne8 14. h4 a5 15. Kb1
Nb6 16. Ng3 a4 17. Nc1 d5 18. Bxb6 Qxb6 19. exd5 Rd8 20. Bc4 Nc7 21. dxe6 Rxd2
22. exf7+ Kh8 23. Rxd2 Nb5 24. Bxb5 Qxb5 25. Nf5 Bc5 26. Rd5 Qc6 27. Rxe5 Rxf7
28. Nd3 Qxf3 29. Rhe1 Bf8 30. Nd4 Qh3 31. R5e4 Rf1 32. Ne6 Kg8 33. Rxf1 Qxf1+
34. Re1 Qh3 35. Ndf4 Qxh4 36. Rd1 Bd6 37. Nd3 Qg4 38. Re1 Bg3 39. Rg1 Qxe6 40.
Rxg3 Qe4 41. Nc1 Qf4 42. Rg1 Qf2 43. Rg4 Qf5 44. Rg1 Kf8 45. Rg3 h5 46. gxh6
gxh6 47. Rd3 Qe4 48. Rh3 Kg7 49. Nd3 Qe2 50. Rg3+ Kh7 51. Nc1 Qf2 52. Rg4 Qe1
53. a3 h5 54. Rxb4 h4 55. Rb5 Kg6 56. Rb8 h3 57. Rh8 Qf1 58. b4 axb3 59. cxb3
Kg7 60. Rh5 Kg6 61. Rh8 Qf5+ 0-1

[Event "Druzynowe Mistrzostwa Polski - II Liga S"]
[Site "Ustron/Slaski Zwiazek Szachowy"]
[Date "2008.09.08"]
[Round "3.44"]
[White "Kuciel, Wladyslaw"]
[Black "Pazderski, Ziemowit"]
[Result "1/2-1/2"]
[WhiteElo "2129"]
[BlackElo "2197"]
[PlyCount "66"]
[EventDate "2008.??.??"]

1. Nf3 Nf6 2. c4 e6 3. d4 Bb4+ 4. Bd2 Qe7 5. Nc3 O-O 6. g3 d5 7. cxd5 exd5 8.
Bg2 Re8 9. O-O Nbd7 10. Nb5 Bd6 11. Nxd6 Qxd6 12. Rc1 Qb6 13. Bf4 c6 14. Qc2
Qa6 15. Ne5 Nxe5 16. Bxe5 Ng4 17. e4 Nxe5 18. dxe5 dxe4 19. Bxe4 g6 20. f4 Qxa2
21. f5 Bxf5 22. Bxf5 gxf5 23. Rxf5 Qe6 24. Rcf1 Re7 25. Rg5+ Kh8 26. Rf6 Qh3
27. Qe2 Rg8 28. Rh5 Qg4 29. Rfh6 f5 30. Qd3 Qe4 31. Qd6 Qe1+ 32. Kg2 Qe2+ 33.
Kg1 Qe1+ 1/2-1/2

[Event "Druzynowe Mistrzostwa Polski - II Liga S"]
[Site "Ustron/Slaski Zwiazek Szachowy"]
[Date "2008.09.08"]
[Round "3.45"]
[White "Krasiewicz, Robert"]
[Black "Janiszewski, Maciej"]
[Result "0-1"]
[WhiteElo "2136"]
[BlackElo "2072"]
[PlyCount "100"]
[EventDate "2008.??.??"]

1. d4 d5 2. c4 e5 3. dxe5 d4 4. Nf3 Nc6 5. a3 Bg4 6. Nbd2 Qd7 7. b4 O-O-O 8. h3
Bxf3 9. Nxf3 Qe6 10. Bb2 Qxc4 11. e3 d3 12. Rc1 Qa2 13. Qd2 a6 14. g3 Nge7 15.
Bg2 Nd5 16. O-O Ncxb4 17. Ra1 Qc4 18. axb4 Bxb4 19. Qc1 Qxc1 20. Rfxc1 c5 21.
Bf1 d2 22. Nxd2 Bxd2 23. Rxc5+ Kb8 24. Bd4 Bb4 25. Rcc1 Rc8 26. Bc4 Rhd8 27.
Kf1 Bc3 28. Bxc3 Rxc4 29. Bb2 Rdc8 30. Rd1 Rc2 31. Ba3 Nb6 32. Rdc1 Rxc1+ 33.
Rxc1 Nc4 34. Ra1 Nxa3 35. Rxa3 Rc5 36. f4 Rc2 37. Rd3 Kc7 38. g4 b5 39. f5 Rc6
40. g5 b4 41. h4 Rc5 42. Rd4 b3 43. Rb4 Rb5 44. Rc4+ Kd7 45. Rd4+ Ke7 46. f6+
gxf6 47. exf6+ Ke6 48. Rd1 b2 49. Rb1 a5 50. h5 a4 0-1

[Event "Druzynowe Mistrzostwa Polski - II Liga S"]
[Site "Ustron/Slaski Zwiazek Szachowy"]
[Date "2008.09.08"]
[Round "3.46"]
[White "Widera, Jan"]
[Black "Maciaga, Marcin"]
[Result "0-1"]
[WhiteElo "2119"]
[BlackElo "2180"]
[PlyCount "80"]
[EventDate "2008.??.??"]

1. e4 c5 2. Nf3 Nc6 3. d4 cxd4 4. Nxd4 e6 5. Nb5 d6 6. c4 Nf6 7. N1c3 a6 8. Na3
Be7 9. Be2 O-O 10. O-O Qc7 11. Be3 b6 12. Qb3 Nd7 13. Rfd1 Nc5 14. Qc2 Bb7 15.
Rac1 Rac8 16. Qd2 Rfd8 17. Qe1 Qb8 18. f3 Bf6 19. Nab1 Be5 20. h3 Ne7 21. b4
Nd7 22. Qf2 Bc6 23. a4 f5 24. c5 dxc5 25. bxc5 f4 26. Bd4 Nxc5 27. Bxc5 bxc5
28. Qxc5 Rxd1+ 29. Rxd1 Bxa4 30. Qxe7 Qb6+ 31. Kh2 Bxd1 32. Bxd1 Bf6 33. Qd7
Rd8 34. Qa4 Qf2 35. Ne2 Bh4 36. Nbc3 Bg3+ 37. Kh1 Qe1+ 38. Ng1 Qxc3 39. Bb3 Qe1
40. Bxe6+ Kh8 0-1

[Event "Druzynowe Mistrzostwa Polski - II Liga S"]
[Site "Ustron/Slaski Zwiazek Szachowy"]
[Date "2008.09.08"]
[Round "3.47"]
[White "Sliwinski, Marcin"]
[Black "Matuszczyk, Krystian"]
[Result "1-0"]
[WhiteElo "2127"]
[BlackElo "1992"]
[PlyCount "65"]
[EventDate "2008.??.??"]

1. e4 c5 2. Nc3 d6 3. g3 g6 4. Bg2 Bg7 5. d3 Nc6 6. Be3 Nf6 7. h3 O-O 8. Nge2
e6 9. O-O a6 10. f4 Qc7 11. Qd2 Bd7 12. g4 Ne7 13. Ng3 d5 14. Nce2 dxe4 15.
dxe4 Rad8 16. Nc3 Bc6 17. Qf2 b6 18. a4 a5 19. Nb5 Qb7 20. Nc3 Rd7 21. f5 exf5
22. gxf5 gxf5 23. Nxf5 Nxf5 24. Qxf5 Ne8 25. Nd5 Rd6 26. Bg5 Re6 27. Ra3 Bd4+
28. Kh1 Ng7 29. Qg4 h5 30. Qh4 Rfe8 31. Nf6+ Bxf6 32. Bxf6 Rxe4 33. Qg5 1-0

[Event "Druzynowe Mistrzostwa Polski - II Liga S"]
[Site "Ustron/Slaski Zwiazek Szachowy"]
[Date "2008.09.08"]
[Round "3.48"]
[White "Tekielak, Izabela"]
[Black "Krokay, Urszula"]
[Result "1/2-1/2"]
[WhiteElo "2091"]
[BlackElo "2018"]
[PlyCount "87"]
[EventDate "2008.??.??"]

1. e4 d5 2. exd5 Nf6 3. d4 Bg4 4. f3 Bf5 5. Bb5+ Nbd7 6. c4 a6 7. Bxd7+ Qxd7 8.
Ne2 e6 9. dxe6 Qxe6 10. d5 Qb6 11. Qb3 Qxb3 12. axb3 Bc5 13. Bg5 O-O 14. g4 Bc2
15. Kd2 Bg6 16. Nbc3 Rfe8 17. Rae1 h6 18. Bxf6 gxf6 19. Ng3 Bd6 20. Nce4 Bf4+
21. Kd1 Be5 22. Re2 Red8 23. Rd2 a5 24. Rf1 Bf4 25. Nxf6+ Kf8 26. Rg2 Bd3 27.
Re1 a4 28. Ngh5 Bg5 29. f4 Bh4 30. Re3 Bf1 31. Rc2 a3 32. bxa3 Rxa3 33. Kd2 Bg2
34. Kc3 Bf1 35. Rd2 Ra1 36. Kb2 Rda8 37. Re8+ Rxe8 38. Kxa1 Re1+ 39. Kb2 Re3
40. c5 Be1 41. Rc2 Bd3 42. Rg2 Bf1 43. Rc2 Bd3 44. Rg2 1/2-1/2

[Event "Druzynowe Mistrzostwa Polski - II Liga S"]
[Site "Ustron/Slaski Zwiazek Szachowy"]
[Date "2008.09.08"]
[Round "3.49"]
[White "Grabarczyk, Bogdan"]
[Black "Proszynski, Waldemar"]
[Result "1-0"]
[WhiteElo "2449"]
[BlackElo "2042"]
[PlyCount "75"]
[EventDate "2008.??.??"]

1. e4 d5 2. exd5 Qxd5 3. Nf3 Nf6 4. d4 a6 5. c4 Qd8 6. Be2 Bf5 7. O-O e6 8. Nc3
Be7 9. Be3 O-O 10. Nh4 Bg6 11. Nxg6 hxg6 12. Qb3 Qc8 13. Rac1 Nbd7 14. Rfe1 Re8
15. a3 c6 16. Qa2 Qc7 17. b4 Bd6 18. g3 e5 19. c5 Bf8 20. Bc4 Re7 21. d5 cxd5
22. Bxd5 Rc8 23. Bg5 Nb8 24. Bg2 Rd8 25. Bxf6 gxf6 26. Nd5 Rxd5 27. Bxd5 f5 28.
Rcd1 e4 29. f3 f4 30. Rxe4 fxg3 31. Qg2 Rxe4 32. Bxe4 Bh6 33. Qxg3 Bf4 34. Qh4
g5 35. Qh6 Nc6 36. Bh7+ Kh8 37. Bf5+ Kg8 38. Rd7 1-0

[Event "Druzynowe Mistrzostwa Polski - II Liga S"]
[Site "Ustron/Slaski Zwiazek Szachowy"]
[Date "2008.09.08"]
[Round "3.50"]
[White "Nurkiewicz, Maciej"]
[Black "Duch, Mariusz"]
[Result "1/2-1/2"]
[WhiteElo "2384"]
[BlackElo "2269"]
[PlyCount "73"]
[EventDate "2008.??.??"]

1. e4 c6 2. Nc3 d5 3. d4 dxe4 4. Nxe4 Bf5 5. Ng3 Bg6 6. h4 h6 7. h5 Bh7 8. Nf3
Nd7 9. Bd3 Bxd3 10. Qxd3 e6 11. Bf4 Qa5+ 12. Bd2 Qc7 13. O-O-O Ngf6 14. c4
O-O-O 15. Ne4 c5 16. Nxf6 Nxf6 17. Rh4 Bd6 18. Kb1 a6 19. Bc3 cxd4 20. Nxd4 Bc5
21. Qe2 Qb6 22. Rd2 Rd7 23. Nb3 Rxd2 24. Qxd2 Rd8 25. Qe2 Rd7 26. Nxc5 Qxc5 27.
Be5 Qc6 28. f3 Qa4 29. Rh1 Nxh5 30. b3 Qa5 31. Rxh5 Rd2 32. Bb2 Rxb2+ 33. Qxb2
Qxh5 34. Qxg7 Qf5+ 35. Kb2 Qf4 36. Kc2 e5 37. Qf8+ 1/2-1/2

[Event "Druzynowe Mistrzostwa Polski - II Liga S"]
[Site "Ustron/Slaski Zwiazek Szachowy"]
[Date "2008.09.08"]
[Round "3.51"]
[White "Flak, Pawel"]
[Black "Protaziuk, Grzegorz"]
[Result "1/2-1/2"]
[WhiteElo "2120"]
[BlackElo "2328"]
[PlyCount "75"]
[EventDate "2008.??.??"]

1. d4 Nf6 2. c4 g6 3. Nc3 d5 4. Bf4 Bg7 5. e3 O-O 6. Nf3 c6 7. h3 Bf5 8. Qb3
Bc8 9. Ne5 e6 10. Be2 Nfd7 11. Nf3 dxc4 12. Bxc4 Nb6 13. Be2 Nd5 14. Bg5 Qb6
15. Nd2 Qxb3 16. Nxb3 Nxc3 17. bxc3 e5 18. Nc5 Re8 19. Ne4 Nd7 20. Bc4 Bf8 21.
d5 Kg7 22. dxc6 bxc6 23. Rd1 h6 24. Bh4 g5 25. Bg3 Nb6 26. Bb3 f5 27. Nd6 Bxd6
28. Rxd6 f4 29. Bh2 c5 30. O-O c4 31. Bc2 Re6 32. Rfd1 Kf6 33. Be4 Rb8 34. Rd8
Na4 35. Rf8+ Ke7 36. Rdd8 Nxc3 37. Bf5 Reb6 38. Rfe8+ 1/2-1/2

[Event "Druzynowe Mistrzostwa Polski - II Liga S"]
[Site "Ustron/Slaski Zwiazek Szachowy"]
[Date "2008.09.08"]
[Round "3.52"]
[White "Sliwerski, Radoslaw"]
[Black "Wypych, Dominik"]
[Result "1-0"]
[WhiteElo "2165"]
[BlackElo "2085"]
[PlyCount "63"]
[EventDate "2008.??.??"]

1. d4 Nf6 2. c4 g6 3. g3 Bg7 4. Bg2 d6 5. Nf3 O-O 6. Nc3 Nc6 7. O-O Bd7 8. h3
e5 9. d5 Ne7 10. e4 Ne8 11. Ne1 f5 12. Nd3 Nf6 13. Kh2 fxe4 14. Nxe4 Nxe4 15.
Bxe4 Nf5 16. b4 a5 17. Bd2 axb4 18. Bxb4 Ba4 19. Qc1 Bh6 20. Bd2 Bxd2 21. Qxd2
b6 22. f4 exf4 23. Nxf4 Bd7 24. Ne6 Bxe6 25. dxe6 Ra5 26. Bd5 Ne7 27. Rf7 Nxd5
28. Rxf8+ Qxf8 29. cxd5 Qf3 30. e7 Kf7 31. Re1 Ke8 32. Qb2 1-0

[Event "Druzynowe Mistrzostwa Polski - II Liga S"]
[Site "Ustron/Slaski Zwiazek Szachowy"]
[Date "2008.09.08"]
[Round "3.53"]
[White "Kurkowski, Zbigniew"]
[Black "Delega, Tomasz"]
[Result "0-1"]
[WhiteElo "2113"]
[BlackElo "2075"]
[PlyCount "84"]
[EventDate "2008.??.??"]

1. e4 Nf6 2. e5 Nd5 3. d4 d6 4. c4 Nb6 5. exd6 exd6 6. Nc3 Be7 7. Bd3 Nc6 8.
Be3 Bf6 9. Nge2 Bg4 10. h3 Bh5 11. Qb3 Bxe2 12. Nxe2 Rb8 13. a3 d5 14. c5 Nc8
15. Qc2 N8e7 16. Rb1 b5 17. b4 Qd7 18. a4 a6 19. axb5 axb5 20. O-O g6 21. Qd2
O-O 22. Ra1 Nf5 23. Bxf5 Qxf5 24. Ra6 Qd7 25. Rfa1 Rfe8 26. Nc1 h5 27. Nb3 Bg7
28. Bf4 Kh7 29. g3 Re4 30. Be3 Rbe8 31. Kg2 R8e6 32. R6a3 h4 33. g4 f5 34. gxf5
gxf5 35. Kh2 Qf7 36. Bf4 Re2 37. Qc1 Rxf2+ 38. Kg1 Ree2 39. Kh1 Qg6 40. Qg1
Qxg1+ 41. Rxg1 Rxf4 42. Ra6 Nxd4 0-1

[Event "Druzynowe Mistrzostwa Polski - II Liga S"]
[Site "Ustron/Slaski Zwiazek Szachowy"]
[Date "2008.09.08"]
[Round "3.55"]
[White "Banasik, Krzysztof"]
[Black "Grabowski, Pawel"]
[Result "1-0"]
[WhiteElo "2215"]
[BlackElo "2296"]
[PlyCount "91"]
[EventDate "2008.??.??"]

1. e4 e5 2. Nf3 Nc6 3. Bc4 Nf6 4. d3 Bc5 5. O-O d6 6. c3 O-O 7. b4 Bb6 8. Bg5
h6 9. Bh4 Bg4 10. h3 Bxf3 11. Qxf3 g5 12. Bg3 Kg7 13. Na3 Qd7 14. Nc2 a5 15. b5
Ne7 16. d4 Ng6 17. Ne3 c6 18. Nf5+ Kh7 19. dxe5 dxe5 20. Rad1 Qc7 21. Rd6 g4
22. hxg4 Ne8 23. Bxe5 Nxd6 24. Bxd6 Qd8 25. Bxf8 Qxf8 26. Ng3 cxb5 27. Bxb5 Rd8
28. Nh5 Qe7 29. Qf5 Qe6 30. Nf6+ Kg7 31. Nd5 Ba7 32. g3 Ne5 33. Be2 Qd6 34. Kg2
Bb8 35. Rh1 Ng6 36. f4 Ba7 37. Bf3 Qe6 38. Qh5 Rh8 39. f5 Qd6 40. g5 Ne5 41.
gxh6+ Kf8 42. h7 Qc5 43. Qh6+ Ke8 44. Rf1 Nxf3 45. Kxf3 Qc4 46. Rd1 1-0

[Event "Druzynowe Mistrzostwa Polski - II Liga S"]
[Site "Ustron/Slaski Zwiazek Szachowy"]
[Date "2008.09.08"]
[Round "3.56"]
[White "Stuczynski, Andrzej"]
[Black "Tustanowski, Robert"]
[Result "1/2-1/2"]
[WhiteElo "2253"]
[BlackElo "2281"]
[PlyCount "57"]
[EventDate "2008.??.??"]

1. e4 d6 2. d4 Nf6 3. Nc3 Nbd7 4. Nf3 e5 5. Bc4 Be7 6. O-O O-O 7. Re1 c6 8. a4
b6 9. h3 a6 10. Qe2 Bb7 11. d5 cxd5 12. Nxd5 Nxd5 13. Bxd5 Bxd5 14. exd5 Re8
15. c4 a5 16. Bd2 Nc5 17. Bc3 f5 18. Qc2 Qd7 19. b3 Bf6 20. Nd2 Re7 21. Re2 g5
22. Rf1 Rf8 23. f3 h5 24. g3 Bg7 25. Rff2 Rfe8 26. Rg2 e4 27. Bxg7 Kxg7 28.
fxe4 Nxe4 29. Nxe4 1/2-1/2